00858cam a2200205 a 4500020004300000020004000043041001200083082001300095100002200108245004000130260005100170300001700221505023200238650001200470650003200482650002300514942000700537952009100544999001700635 a9781602582101 (hardcover : alk. paper) a1602582106 (hardcover : alk. paper) aEnglish00a501bTAU1 aTauber, Alfred I.10aScience and the quest for meaning / aWaco, Tex. :bBaylor University Press,cc2009. axi, 255 p. ;0 aIntroduction: Concerning scientific reason -- What is science? -- Nineteenth-century positivism -- The fall of positivism -- The science wars -- Science in its socio-political contexts -- Conclusion: The challenge of coherence. 0aScience 0aScience and the humanities. 0aPhilosophy, Modern cBK 00104070aHMIbHMIcGENd2018-10-24l0o501 TAUp11-3750r2018-10-24w2018-10-24yBK c22376d22376